000 00288nam a22001337a 4500
008 170831b xxu||||| |||| 00| 0 eng d
020 _a0808719811
041 _aeng
080 _a070
100 _a40
101 _aMED
245 _aCOMMUNICATING PUBLIC
_cBOSTROM,R.N
942 _2udc
_cBK
999 _c25798
_d25798